Statistics for Capital Cities by Picture

Click here to take the quiz!

General Stats

  • This quiz has been taken 47 times
  • The average score is 10 of 16

Answer Stats

Answer% Correct
Paris
100%
London
98%
Kuala Lumpur
90%
Tokyo
86%
Berlin
76%
Budapest
76%
Taipei
76%
Mexico City
69%
Beijing
64%
Stockholm
64%
Jakarta
40%
New Delhi
40%
Bucharest
29%
Lima
24%
Luanda
17%
Tashkent
7%

Score Distribution

Percentile by Number Answered

Percent of People with Each Score

Your Score History

You have not taken this quiz